Statistics for Will Ferrell Movies: Multiple Choice

Click here to take the quiz!

General Stats

  • This quiz has been taken 548 times
  • The average score is 11 of 15

Answer Stats

QuestionAnswer% Correct
Which one?Anchorman: The Legend of Ron Burgundy
96%
Which one?Step Brothers
94%
Which one?Elf
93%
Which one?Blades of Glory
86%
Which one?Talladega Nights: The Ballad of Ricky Bobby
83%
Which one?The Other Guys
81%
Which one?Semi-Pro
78%
Which one?Old School
76%
Which one?Stranger than Fiction
75%
Which one?Zoolander
72%
Which one?The Campaign
69%
Which one?Kicking & Screaming
67%
Which one?A Night at the Roxbury
62%
Which one?Bewitched
61%
Which one?Wedding Crashers
57%

Score Distribution

Percentile by Number Answered

Percent of People with Each Score

Your Score History

You have not taken this quiz